| 000 | 00530nam a22001697a 4500 | ||
|---|---|---|---|
| 020 | _a8990000017 | ||
| 082 |
_a363.7392 _bEME _cD |
||
| 100 |
_aRAE, Kang _938194 |
||
| 245 |
_aEmerging Issues in Asia _bProceedings of the 2nd IUAPPA Regional Conference on Air Polution, September 4 to 6, 1991 Korea |
||
| 260 |
_aKorea _bKAPRA _c1991 |
||
| 300 |
_avi. 447P. _c24cm |
||
| 526 |
_a0 _b0 _c0 _d363_739200000000000_EME |
||
| 650 |
_aMCE _9379 |
||
| 700 |
_aCho, Rae Kang _938195 |
||
| 710 |
_aDong Sool Kim _938196 |
||
| 942 |
_2ddc _cBK |
||
| 999 |
_c542841 _d542841 |
||